| 000 | 00482nam a2200181Ia 4500 | ||
|---|---|---|---|
| 005 | 20250603145435.0 | ||
| 008 | 250603s9999 xx 000 0 und d | ||
| 020 | _a9789780321116 | ||
| 050 | _aP 29 .N54/ | ||
| 100 | _aOkwilagwe Oshiotse A. | ||
| 245 | 0 | _aNigeriana stirling-horden encyclopaedia of mass media & communication: technology imperatives | |
| 260 | _aIbadan | ||
| 260 | _bStirling-Horden | ||
| 260 | _c2010 | ||
| 300 | _a441 p | ||
| 650 | _aIbadan | ||
| 942 | _cBK | ||
| 999 |
_c41864 _d41864 |
||